| 000 | 00424nam a2200109Ia 4500 | ||
|---|---|---|---|
| 008 | 160909s9999 xx 000 0 und d | ||
| 100 | _aGanska, Karen T. | ||
| 245 | _aUnemployed younger baby boom women's career decision-making experiences: An interpretative phenomenological analysis | ||
| 260 |
_bDuquesne University _c2016 |
||
| 650 | _aENTREPRENEURSHIP | ||
| 856 | _uhttp://pqdtopen.proquest.com/doc/1796371643.html?FMT=ABS | ||
| 999 |
_c304489 _d304489 |
||